000 00550nam a2200169Ia 4500
008 180921t2021 xxu||||| |||| 00| 0 sin d
041 _asin
080 _a8-31
_bග්‍රේජෝන්
100 _aග්‍රේ, ජෝන්
245 _aපිදුරු බල්ලෝ
260 _bවිදර්ශන
_aකළුබෝවිල
_c2021
300 _aසෙ.මි.21, පි.234
700 _aලියනගේ අමරකීර්ති
_eපරි.
942 _cBK
999 _c11499
_d11499
003 LK-CoDNM
040 _aLK-CoDNM
_dLK-CoDNM
_eLK-CoDNM